Soubor archiválií farního úřadu v Přelouči (1730-1950)
| Titel: | Soubor archiválií farního úřadu v Přelouči (1730-1950) |
|---|---|
| Verfasser: | |
| In: |
Východočeský sborník historický, Band 11 (2002), Seite 105-122 alle Artikel anzeigen |
| Veröffentlicht: | 2002 |
| Format: | Aufsatz |
| Sprache: | Tschechisch |
X
alg: 39298828 001A $01999:11-11-16 001B $03025:12-02-26 $t15:03:10.000 001C $06050:19-11-16 $t09:39:23.000 001D $01999:11-11-16 001U $0utf8 001X $00 002@ $0Aox 003@ $0392988283 007A $0392988283 $aHEB 007T $0Herdp10020 010@ $acze 011@ $a2002 021A $aSoubor archiválií farního úřadu v Přelouči (1730-1950) 028A $aHatašová $dOlga 031A $d11 $h105-122 $j2002 039B $aIn $8--Abvc--. Východočeský sborník historický. - Pardubice : Východočeské muzeum v Pardubicích, 1991-. - ISSN 1213-1733 $x200200000110000895 $9048657735 044K $#Prelauč $#Přeloutsch $74577310-5 $8Prelouč [Tg1] $9090847822 045F $a907.2094371 $eDDC23BSB 045F/01 $a907.2 045F/03 $g4371 045T $a7,41 045T $aOST $qDE-12 $2FID lok: 39298828 78 exp: 39298828 78 1 #EPN 201B/01 $026-11-17 $t01:22:50.000 201U/01 $0utf8 203@/01 $0789098598 208@/01 $a11-11-16 $be 209A/01 $a/ $f000 $x00 220C/01 $aTitelaufnehmer: rb 220C/01 $aHerkunft: Hú Av Čr Praha 244Z/01 $#Tschechien $#Tschechische Republik $#Tschechien $#Tschechische Republik $#Tschechenland $#Tschechei Tschechien $#Česká Republika $#Czech Republic $#ČR $74303381-7 $8--Tg1--Tschechien $x01 $9086659812 244Z/01 $2Trx $#Böhmen $#Bohemia $#Czechy $8--Trx--Čechy $x02 $9391188941 244Z/01 $2Trx $#Přelauč Pardubitz $8--Trx--Přelouč$gPardubice $x03 $9391257110 244Z/01 $aGeschichte 1730-1950 $x04 244Z/01 $2Trx $#kogudused $#parapijos $#parishes $#gyülekezetek $#parafie $#farnosti $#farnosti $#Pfarreien $#fary $8--Trx--Kirchengemeinden $x05 $9391369407 244Z/01 $2Trx $#valitsemine, kiriku $#bažnyčios administracija $#administration, clerical $#közigazgatás, egyházi $#administracja kościelna $#správa, cirkevná $#správa církevní $#Kirchenverwaltung $8--Trx--Verwaltung, kirchliche $x06 $9391370561 244Z/01 $2Trx $#arhiivi dokumendid $#archyviniai dokumentai $#Archival material $#levéltári darabok $#archiwalia $#archiválie $#archiválie $#arhivaalid $8--Trx--Archivalien $x07 $9391360566 244Z/01 $2Trx $8--Trx--Zeitschriftenaufsatz $x08 $9391384341 245Z/01 $a13.03 $x01 245Z/01 $a04.02 $x02 247C/01 $82080>Marburg/Lahn, Herder-Institut, Forschungsbibliothek, Bibliographieportal $9336309341
| LEADER | 00000caa a22000002c 4500 | ||
|---|---|---|---|
| 001 | 392988283 | ||
| 003 | DE-603 | ||
| 005 | 20260212150310.0 | ||
| 007 | tu | ||
| 008 | 161111s2002 xx |||| | u00||u|cze c | ||
| 035 | |a (DE-599)HEB392988283 | ||
| 040 | |a DE-603 |b ger |c DE-603 |d DE-603 | ||
| 041 | |a cze | ||
| 082 | 0 | 4 | |8 1\u |a 907.2094371 |q DE-101 |2 23/BSB |
| 084 | |a 7,41 |2 ssgn | ||
| 084 | |a OST |q DE-12 |2 fid | ||
| 085 | |8 1\u |b 907.2 | ||
| 085 | |8 1\u |z 2 |s 4371 | ||
| 100 | 1 | |a Hatašová, Olga | |
| 245 | 0 | 0 | |a Soubor archiválií farního úřadu v Přelouči (1730-1950) |
| 264 | 0 | |c 2002 | |
| 651 | 7 | |a Prelouč |0 (DE-588)4577310-5 |0 (DE-603)090847822 |2 gnd | |
| 773 | 0 | 8 | |i In |t Východočeský sborník historický |d Pardubice : Východočeské muzeum v Pardubicích, 1991- |x 1213-1733 |g Band 11 (2002), Seite 105-122 |w (DE-603)048657735 |w (DE-600)1222976-3 |
| 924 | 0 | |9 2080 |a (DE-603)789098598 |b DE-2080 |c HES |d d |g / | |


